000 00296nam a22001337a 4500
003 CEME
005 20210628202249.0
008 210301b xxu||||| |||| 00| 0 eng d
040 _c.
082 _a891.4393 QAS
100 _aQasmi, Ahmed Nadeem
_925476
245 _aBerg hina
942 _cBK
_2ddc
999 _c569127
_d569127